000 00638nas a2200229 4500
001 BR8807638
003 BR-BrBNA
005 20231205091418.0
007 ta
008 230509b bl.|||p| |||| 00| 00por d
040 _aBR-BrBNA
_bpor
_cBiblioteca Nacional de Agricultura
041 _a(Pt)
072 _aC20
100 1 _aAnon.
245 1 _aRadio avanca enquanto o telefone nao chega
650 _aRADIO
650 _aEXTENSAO RURAL
650 _aCOMUNICACAO
773 0 _tDirigente Rural (Brazil)
_xISSN 0012-3374
_g(Aug 1988), v. 27(8) p. 44-46
_wBR8807638
909 _a202311
_bLúcia
_c55
_dLúcia Elande
942 _2AGRIS
_n0
_cANA
999 _c124907
_d124907